| 000 | 00634cam a22001451 4500 | ||
|---|---|---|---|
| 082 |
_a623.751 _bTHO _cL-tech P-160 |
||
| 100 | 1 |
_aThompson, Arthur Beeby. _942153 |
|
| 245 | 1 | 0 |
_aEmergency water supplies for military, agricultural and colonial purposes, _bbased on experience of the Mediterranean expeditionary force operations, with special reference to the use of drive tube wells and drilling, _cby A. Beeby Thompson. |
| 260 |
_aLondon, _bLockwood, _c1924. |
||
| 300 |
_axii, 180 p. _bfront., illus., plates. _c23 cm. |
||
| 526 |
_a0 _b0 _c0 _d623_751000000000000_THO |
||
| 650 | 0 |
_aMCE _9379 |
|
| 650 | 0 | _aWater-supply. | |
| 942 |
_2ddc _cBK |
||
| 999 |
_c546096 _d546096 |
||